000 01022nas a2200325 4500
001 BR2015003036
003 BR-BrBNA
005 20231205125445.0
007 ta
008 230509b bl.|||p| |||| 00| 00por d
040 _aBR-BrBNA
_bpor
_cBiblioteca Nacional de Agricultura
041 _a(Pt)
072 _aL10
100 1 _aMiyasaki, M.Y.A.
100 1 _aVale, W.G.
100 1 _aBaía, F.A.G.
100 1 _aMinervino, A.H.H.
100 1 _aRibeiro, H.F.L.
100 1 _aMiyasaki, M.T.A.
245 1 _aComparação entre o Tris, Lactose/Tris, Ringer-Lactato e leite desnatado como diluidores na criopreservação do sêmen bubalino
650 _aBÚFALO
650 _aSÊMEN
650 _aCRIOPRESERVAÇÃO
650 _aLACTOSE
650 _aLEITE DESNATADO
650 _aANÁLISE COMPARATIVA
773 0 _tRevista Brasileira de Medicina Veterinária (Brazil)
_xISSN 0100-2430
_g(Jan-Mar 2014), v. 36(1) p. 1-10
_wBR2015003036
909 _a202311
_bLúcia
_c55
_dLúcia Elande
942 _2AGRIS
_n0
_cANA
999 _c244467
_d244467